00749nam a2200205 a 4500001001000000005001700010008004100027020001500068040001800083050002400101100002000125245004400145260004200189300004200231500011200273504003100385600004900416650004300465700003500508BRCA_172320190320203526.0961220s1997 nyua---##b---#000-0#eng-# a9687559012 aDLCcDLCdDLC 4aTR647.A4b.K57 19971 aKismaric, Susan10aManuel Álvarez BravocSusan Kismaric. aNew YorkbMuseum of Modern Artcc1997 a240 p.bil. (algunas a color)c29 cm. aCatálogo de la exposición realizada en el Museum of Modern Art (Nueva York), 20 febrero - 18 mayo, 1997 aBibliografía: p. 227-23414aÁlvarez Bravo, Manueld1902-vExposiciones14aFotografía artísticavExposiciones1 aÁlvarez Bravo, Manueld1902-